00577 2200193 4500001002100000005001500021035002000036007000300056008004100059082001100100084001700111100003700128245008400165260005500249300002900304650002400333990001300357990001300370INLIS00000000000984720220112104153 a0010-0122000048ta220112 g 0 ind  aR. 348 aR. 348 PUS p0 aPUSAT INFO DATA INDONESIA (PIDI)1 aPeraturan Pemerintah Tentang Lambang Negara /cPusat Info Data Indonesia (PIDI) aJakarta :bPusat Info Data Indonesia (PIDI),c2005 aviii, 145 hlm ;c15,5 cm 4aPeraturan-peraturan a1073 002 a1073 002